Определение скорости коррозии металлов: методические указания к выполнению лабораторной работы по курсу «Общая химическая технология»
| Corporate Author: | |
|---|---|
| Other Authors: | , |
| Summary: | Заглавие с титульного экрана Методические указания к выполнению лабораторной работы по курсу «Общая химическая технология» для студентов, обучающихся по направлениям 18.03.01 ‒ «Химическая технология», 18.05.02 - «Химическая технология материалов в современной энергетике». Режим доступа: из корпоративной сети ТПУ |
| Language: | Russian |
| Published: |
Томск, 2019
|
| Subjects: | |
| Online Access: | https://www.lib.tpu.ru/fulltext2/m/2019/m025.pdf |
| Format: | MixedMaterials Electronic Book |
| KOHA link: | https://koha.lib.tpu.ru/cgi-bin/koha/opac-detail.pl?biblionumber=342851 |
MARC
| LEADER | 00000nlm0a2200000 4500 | ||
|---|---|---|---|
| 001 | 342851 | ||
| 005 | 20240201164631.0 | ||
| 035 | |a (RuTPU)RU\TPU\book\372147 | ||
| 035 | |a RU\TPU\book\372146 | ||
| 090 | |a 342851 | ||
| 100 | |a 20190410d2019 m y0rusy50 ca | ||
| 101 | 0 | |a rus | |
| 102 | |a RU | ||
| 105 | |a a j 001zy | ||
| 135 | |a drcn ---uucaa | ||
| 181 | 0 | |a i | |
| 182 | 0 | |a b | |
| 200 | 1 | |a Определение скорости коррозии металлов |e методические указания к выполнению лабораторной работы по курсу «Общая химическая технология» |f Национальный исследовательский Томский политехнический университет, Инженерная школа новых производственных технологий, Научно-образовательный центр Н. М. Кижнера ; сост. Ю. Б. Швалев ; Д. А. Горлушко | |
| 203 | |a Текст |c электронный | ||
| 210 | |a Томск |d 2019 | ||
| 300 | |a Заглавие с титульного экрана | ||
| 330 | |a Методические указания к выполнению лабораторной работы по курсу «Общая химическая технология» для студентов, обучающихся по направлениям 18.03.01 ‒ «Химическая технология», 18.05.02 - «Химическая технология материалов в современной энергетике». | ||
| 333 | |a Режим доступа: из корпоративной сети ТПУ | ||
| 606 | 1 | |a Коррозия металлов |x Электрохимические исследования |2 stltpush |3 (RuTPU)RU\TPU\subj\15743 |9 41954 | |
| 610 | 1 | |a электронный ресурс | |
| 610 | 1 | |a труды учёных ТПУ | |
| 610 | 1 | |a учебные пособия | |
| 610 | 1 | |a методические указания | |
| 610 | 1 | |a минеральное сырье | |
| 610 | 1 | |a лабораторные работы | |
| 610 | 1 | |a контрольные вопросы | |
| 610 | 1 | |a экспериментальная установка | |
| 610 | 1 | |a экспериментальные данные | |
| 610 | 1 | |a виды | |
| 610 | 1 | |a химическая коррозия | |
| 610 | 1 | |a электрохимическая коррозия | |
| 610 | 1 | |a скорость | |
| 610 | 1 | |a измерения | |
| 610 | 1 | |a методы защиты | |
| 610 | 1 | |a электрохимическая защита | |
| 610 | 1 | |a металлы | |
| 675 | |a 669:620.193(076.5( |v 4 | ||
| 702 | 1 | |a Швалев |b Ю. Б. |c химик-технолог |c доцент Томского политехнического университета, кандидат технических наук |f 1959- |g Юрий Борисович |3 (RuTPU)RU\TPU\pers\28372 |4 220 |9 13263 | |
| 702 | 1 | |a Горлушко |b Д. А. |c химик-технолог |c доцент Томского политехнического университета, кандидат химических наук |f 1981- |g Дмитрий Александрович |3 (RuTPU)RU\TPU\pers\27896 |4 220 |9 12911 | |
| 712 | 0 | 2 | |a Национальный исследовательский Томский политехнический университет |b Инженерная школа новых производственных технологий |b Научно-образовательный центр Н. М. Кижнера |3 (RuTPU)RU\TPU\col\23556 |
| 801 | 1 | |a RU |b 63413507 |c 20141204 | |
| 801 | 2 | |a RU |b 63413507 |c 20191212 |g RCR | |
| 856 | 4 | |u https://www.lib.tpu.ru/fulltext2/m/2019/m025.pdf | |
| 942 | |c CF | ||